[Event "2nd El Ksiba Open 2019"]
[Site "El Ksiba"]
[Date "2019.04.08"]
[Round "1.1"]
[White "skalli taoufik"]
[Black "Bauer, Christian"]
[Result "0-1"]
[WhiteElo "1974"]
[BlackElo "2639"]
[Annotator "TA"]
[PlyCount "63"]
[EventDate "2018.08.17"]
[EventType "swiss"]
[EventCountry "MAR"]
[SourceTitle "playchess.com"]
[Source "ChessBase"]
[SourceQuality "1"]

{[%evp 9,63,35,38,2,0,16,47,0,1,0,0,0,0,0,18,2,5,14,10,-10,-10,-25,-17,-61,-57,-58,-62,-60,-50,-99,-90,-170,-85,-245,-254,-238,-243,-263,-264,-265,-229,-291,-143,-306,-309,-298,-102,-378,-369,-334,-357,-510,-490,-490,-492,-493]} 1. d4 f5 2. Bf4 Nf6 3. e3 e6 4. Nf3 d6 (4... Be7 5. h3 O-O 6. c4 d6 7. Nc3 Qe8 8. Be2 Nc6 9. Bh2 Bd7 10. a3 Qg6 11. Nh4 Qh6 12. Nf3 Qg6 13. Rg1 Ne4 {1-0 (59) Sjugirov,S (2663)-Amin,B (2710) St Petersburg 2018}) 5. h3 g6 6. c4 {A80: Dutch Defence: Unusual White second moves} Bg7 7. Nc3 Nc6 8. Rb1 $146 {White is slightly better.} ({Predecessor:} 8. Be2 Qe7 9. O-O O-O 10. Bh2 Bd7 11. Rc1 Nd8 12. c5 {1-0 (50) Linhart,W (2066)-Scheckenbach,F (2097) Bayern 2015}) 8... O-O 9. Be2 Ne4 10. O-O e5 11. Bh2 Nxc3 12. bxc3 e4 13. Nd2 Qe7 14. Qb3 {Black should prevent c5+.} Kh8 15. Rfe1 b6 16. f3 Bh6 $36 {[%mdl 2048] Black fights for an advantage.} 17. f4 Na5 18. Qd1 Be6 19. g4 g5 20. Rf1 (20. d5 $17 Bd7 21. Nb3) 20... fxg4 (20... gxf4 $19 21. Bxf4 Qh4) 21. hxg4 $2 {[#]} (21. f5 $17 {is the only way for White.} Rxf5 22. Rxf5 Bxf5 23. Bxg4) 21... gxf4 $19 22. Bxf4 Bxf4 23. Rxf4 Rxf4 24. exf4 Rg8 {And now ...Bxg4! would win.} 25. g5 {[#]} e3 (25... Qf7 $1 $19 {[%cal Rf7f4]} 26. Qf1 e3) 26. d5 $2 (26. Ne4 $17) 26... Bf5 ({Worse is} 26... exd2 27. dxe6 Qxe6 28. Qxd2 $11) 27. Nf3 Qe4 $2 (27... Bxb1 $19 {is more deadly.} 28. Qxb1 Nb7) 28. Rb2 $2 {[%mdl 8192]} (28. Rc1 $17) 28... Qxf4 29. Qd4+ Qxd4 30. Nxd4 (30. cxd4 {was called for.} Be4 31. Rb4) 30... Rxg5+ 31. Kh2 Be4 32. Bf1 {Accuracy: White = 14%, Black = 50%.} 0-1

[Event "2nd El Ksiba Open 2019"]
[Site "El Ksiba"]
[Date "2019.04.08"]
[Round "1.2"]
[White "Hamdouchi, Hicham"]
[Black "Elmerabet, Jamal"]
[Result "1-0"]
[WhiteElo "2584"]
[BlackElo "1972"]
[Annotator "TA"]
[PlyCount "55"]
[EventDate "2018.08.17"]
[EventType "swiss"]
[EventCountry "MAR"]
[SourceTitle "playchess.com"]
[Source "ChessBase"]
[SourceQuality "1"]

{[%evp 9,55,-8,-7,-20,21,17,24,14,42,44,49,48,47,41,38,38,66,74,83,82,142,106,134,127,130,130,150,151,150,152,158,149,217,216,200,142,192,185,262,273,271,263,561,559,581,564,1341,1314]} 1. e4 c5 2. Nf3 e6 3. d3 d5 4. Qe2 Be7 (4... Nf6 5. g3 Be7 6. Bg2 O-O 7. O-O Nc6 8. e5 Nd7 9. c4 b5 10. Na3 bxc4 11. dxc4 Ba6 12. Rd1 Qa5 13. Bd2 Nb4 14. Qe1 Rfe8 15. cxd5 exd5 16. Bxb4 cxb4 17. Nc2 Rac8 18. e6 Nb6 19. exf7+ Kxf7 20. Bh3 Bd6 21. Be6+ Kf6 22. Ncd4 Rc7 23. Qe3 h6 24. Nh4 {1-0 (24) Amin,B (2700)-Mareco,S (2645) Sharjah 2018}) 5. g3 Nc6 6. Bg2 {C00: French: Unusual White 2nd moves} dxe4 7. dxe4 e5 8. O-O {White has an edge.} Bg4 9. c3 Nf6 10. Na3 {[%cal Bb1a3,Ba3c4,Bc4e3][%mdl 32]} O-O 11. Nc4 Qc7 12. Ne3 $146 Be6 13. Ng5 Bc8 14. f4 Bd6 (14... h6 $142) 15. f5 h6 16. Nh3 Ne7 17. g4 Nh7 18. Nc4 b5 19. Nxd6 Qxd6 20. Rd1 Qb6 (20... Qc6 $16 21. Nf2 Ba6) 21. Be3 $18 Qc6 22. b4 c4 23. Bc5 Re8 (23... Qb7 {was worth a try.} 24. a4 Re8 25. axb5 Bd7 26. Qxc4 Bxb5) 24. Rd6 Qc7 25. Rad1 Nc6 $2 (25... Kh8 {is a better defense.} 26. Nf2 Ng8) 26. g5 {White is clearly winning.} hxg5 27. Qh5 Rd8 {[#]} 28. Rxc6 $1 {[%mdl 512] Accuracy: White = 91%, Black = 47%.} 1-0

[Event "2nd El Ksiba Open 2019"]
[Site "El Ksiba"]
[Date "2019.04.08"]
[Round "1.3"]
[White "Berthelot, Nathan"]
[Black "Tilicheev, Viacheslav"]
[Result "0-1"]
[WhiteElo "1970"]
[BlackElo "2518"]
[Annotator "TA"]
[PlyCount "60"]
[EventDate "2018.08.17"]
[EventType "swiss"]
[EventCountry "MAR"]
[SourceTitle "playchess.com"]
[Source "ChessBase"]
[SourceQuality "1"]

{[%evp 9,60,33,57,57,45,42,75,32,42,29,46,37,64,10,10,3,11,14,26,27,20,18,20,14,8,-54,-38,-75,-10,-41,-29,-38,-29,-74,-77,-75,-83,-107,-109,-113,-102,-91,-91,-649,-662,-652,-610,-721,-708,-708,-713,-669,-624]} 1. e4 g6 2. d4 Bg7 3. Nf3 c6 4. Be2 d5 5. Nc3 Nh6 6. O-O {B15: Caro-Kann: 3 Nc3: 3...g6 and 3...dxe4 4 Nxe4 Nf6 5 Nxf6+ exf6} O-O 7. Bf4 f6 8. Re1 {White is better.} Nf7 9. Bg3 e6 (9... b6 10. Bf1 Re8 11. a4 Ba6 12. exd5 cxd5 13. Nb5 e5 {½-½ (47) Sharafiev,A (2418)-Gochelashvili,D (2425) Sochi 2016}) 10. Bd3 Re8 11. e5 $146 (11. Qe2 $14) ({Predecessor:} 11. Bf1 b6 12. a4 Ba6 13. exd5 cxd5 {½-½ (49) Santos,S-Kosteniuk,A (2290) San Agustin 1997}) 11... Nd7 12. exf6 Bxf6 13. Ne5 Ndxe5 14. dxe5 Bg7 15. f4 Qb6+ {[%mdl 64] [#] Double Attack} 16. Bf2 Qxb2 17. Qd2 (17. Ne2 $1 $11) 17... Qb4 18. Rab1 Qe7 (18... Qa5 $17) 19. Ne2 c5 {And now ...c4 would win.} 20. c3 Bh6 21. Ng3 b6 22. h4 Rf8 23. h5 Nh8 24. hxg6 Nxg6 25. Nh5 Nxf4 {White must now prevent ...Nh3+!} 26. Kh1 $2 {[%mdl 8192]} (26. Be3 $17 c4 27. Nf6+ Rxf6 28. exf6 Qxf6 29. Rf1 cxd3 30. Bxf4) 26... Nxd3 $19 {[%mdl 64] [#] Discovered Attack, Overworked Piece. Black is clearly winning.} 27. Qxd3 Rxf2 28. Qg3+ Qg5 29. Qxf2 Qxh5+ 30. Kg1 Bd7 {Accuracy: White = 35%, Black = 57%.} 0-1

[Event "2nd El Ksiba Open 2019"]
[Site "El Ksiba"]
[Date "2019.04.08"]
[Round "1.4"]
[White "Grover, Sahaj"]
[Black "Benhamdane, Abdellah"]
[Result "1-0"]
[WhiteElo "2511"]
[BlackElo "1945"]
[Annotator "TA"]
[PlyCount "99"]
[EventDate "2018.08.17"]
[EventType "swiss"]
[EventCountry "MAR"]
[SourceTitle "playchess.com"]
[Source "ChessBase"]
[SourceQuality "1"]

{[%evp 19,99,0,50,30,27,39,29,0,0,0,0,0,0,-79,-78,-62,-24,-26,108,108,108,108,102,55,119,117,118,114,116,106,110,110,133,132,151,147,279,261,243,201,299,301,316,296,349,327,602,602,602,602,551,551,647,599,804,788,745,502,1660,1554,1587,1370,5187,4627,4134,1575,29980,29980,29980,29981,29982,29982,29983,29984,29985,29984,29984,29984,29987,29986,29985,29986]} 1. e4 c5 2. Nf3 d6 3. d4 cxd4 4. Nxd4 Nf6 5. Nc3 a6 6. Bc4 e6 7. Bb3 Nc6 8. Be3 Bd7 9. Qe2 Rc8 {B89: Sicilian: Velimirovic Attack} (9... b5 10. O-O-O Na5 11. Kb1 Be7 12. Bc1 O-O 13. Rhe1 b4 14. Na4 Nxb3 15. axb3 Qc7 16. g4 d5 17. f3 dxe4 18. fxe4 {½-½ (34) Vocaturo,D (2603)-Van Wely,L (2661) Belgium 2017}) 10. O-O-O Be7 {LiveBook: 4 Games} 11. f4 Na5 {White has an edge.} 12. e5 Nxb3+ $146 ({Predecessor:} 12... dxe5 13. fxe5 Nxb3+ 14. Nxb3 Nd5 15. Nxd5 exd5 16. Qf2 Qc7 17. Rhe1 O-O 18. Rxd5 {1-0 (44) Wiedenkeller,M (2330)-Berend,F Groningen 1981}) 13. axb3 dxe5 14. fxe5 Nd5 15. Nxd5 exd5 16. e6 (16. Qf3 $11) 16... fxe6 $17 17. Bf4 O-O {...Qa5 is the strong threat.} 18. Nxe6 Bxe6 (18... Qa5 $1 $11 {keeps the balance.} 19. Kb1 (19. Nxf8 $2 Qa1+ 20. Kd2 Qxb2 $17) 19... Rfe8 20. Nxg7 Kxg7 21. Be5+ Kg8) 19. Qxe6+ $16 {[%mdl 64] [#] Double Attack} Kh8 20. Rxd5 Qe8 21. g3 Rc6 (21... Bg5 $1 $14 22. Qxe8 Bxf4+ 23. gxf4 Rcxe8) 22. Qe4 $36 {[%mdl 2048] White has strong initiative.} Bf6 23. Qxe8 Rxe8 24. Rhd1 h6 25. c3 {[%cal Bc2c3,Bc3c4][%mdl 32]} b5 26. Rd6 Rec8 27. Kc2 b4 (27... Kh7 $16 {might work better.} 28. h4 Be7) 28. Rxc6 Rxc6 $18 {[%mdl 4096] Endgame KRB-KRB} 29. Rd6 Rc8 (29... Rxd6 $142 30. Bxd6 bxc3) 30. c4 ({Less strong is} 30. Rxa6 bxc3 31. bxc3 Rxc3+ 32. Kd1 Rd3+ 33. Ke1 Rxb3 $11) 30... Ra8 31. Bxh6 Be5 32. Re6 Bxg3 $2 {[#]} (32... Bxb2 33. Bd2 Bf6 34. Bxb4 Kg8) 33. hxg3 gxh6 34. Rxh6+ {KR-KR} Kg7 35. Rb6 a5 36. c5 Kf7 37. Kd3 Rg8 38. Ra6 Rxg3+ (38... Rg4 $142 39. Rxa5 Ke6) 39. Kc4 Rg2 40. Rxa5 Rxb2 41. Kxb4 Ke7 42. Ra7+ (42. Kc4 $142 Kd7 43. b4) 42... Kd8 43. Kc4 {White mates.} Rc2+ 44. Kb5 Kc8 45. b4 {[%cal Bb3b4,Bb4b5][%mdl 32]} Rb2 46. Rh7 Rd2 47. Kc6 Rd8 48. b5 Kb8 49. Kb6 Rf8 50. c6 {Accuracy: White = 75%, Black = 22%.} 1-0

[Event "2nd El Ksiba Open 2019"]
[Site "El Ksiba"]
[Date "2019.04.08"]
[Round "1.5"]
[White "MAAZOUZI MOHAMED"]
[Black "Strikovic, Aleksa"]
[Result "0-1"]
[WhiteElo "1945"]
[BlackElo "2493"]
[Annotator "ChessBase"]
[PlyCount "86"]
[EventDate "2018.08.17"]
[EventType "swiss"]
[EventCountry "MAR"]
[SourceTitle "playchess.com"]
[Source "ChessBase"]
[SourceQuality "1"]
[TimeControl "5400+30"]

1. e4 {[%emt 0:00:00]} c5 {[%emt 0:00:00]} 2. c4 {[%emt 0:00:00]} Nc6 {[%emt 0:00:00]} 3. Nf3 {[%emt 0:00:16]} Nf6 {[%emt 0:01:42]} 4. Nc3 {[%emt 0:00:59]} e6 {[%emt 0:00:06]} 5. Be2 {[%emt 0:04:17]} d5 {[%emt 1:30:42]} 6. cxd5 {[%emt 0:01:51]} exd5 {[%emt 0:00:00]} 7. exd5 {[%emt 0:00:14]} Nxd5 {[%emt 0:00:00]} 8. O-O {[%emt 0:01:12]} Nc7 {[%emt 0:00:00]} 9. d3 {[%emt 0:18:27]} Be7 {[%emt 0:00:00]} 10. Bf4 {[%emt 0:00:59]} Ne6 {[%emt 0:00:00]} 11. Bg3 {[%emt 0:00:44]} O-O {[%emt 0:00:00]} 12. Re1 {[%emt 0:00:53]} b6 {[%emt 0:00:00]} 13. Ne5 {[%emt 0:05:14]} Nxe5 {[%emt 0:00:00]} 14. Bxe5 {[%emt 0:00:12]} Bb7 {[%emt 0:00:00]} 15. Bf3 {[%emt 0:07:31]} Bxf3 {[%emt 0:00:00]} 16. Qxf3 {[%emt 0:00:14]} Bd6 {[%emt 0:00:00]} 17. Rad1 {[%emt 0:15:01]} Re8 {[%emt 0:00:00]} 18. Qg3 {[%emt 0:04:28]} Bxe5 {[%emt 0:00:00]} 19. Rxe5 {[%emt 0:00:28]} f6 {[%emt 0:00:00]} 20. Re3 {[%emt 0:11:48]} Nd4 {[%emt 0:00:00]} 21. Rde1 {[%emt 0:03:05]} Nf5 {[%emt 0:00:00]} 22. Rxe8+ {[%emt 0:05:50]} Qxe8 {[%emt 0:00:00]} 23. Rxe8+ {[%emt 0:00:10]} Rxe8 {[%emt 0:00:00]} 24. Kf1 {[%emt 0:00:04]} Nxg3+ {[%emt 0:00:00]} 25. hxg3 {[%emt 0:00:09]} f5 {[%emt 0:00:00]} 26. a4 {[%emt 0:00:48]} Kf7 {[%emt 0:00:00]} 27. Nb5 {[%emt 0:01:24]} Re7 {[%emt 0:00:00]} 28. Nc3 {[%emt 0:03:00]} Rd7 {[%emt 0:00:00]} 29. Ke2 {[%emt 0:00:18]} Rd4 {[%emt 0:00:00]} 30. Ke3 {[%emt 0:03:14]} Rb4 {[%emt 0:00:00]} 31. b3 {[%emt 0:00:18]} Rxb3 {[%emt 0:00:00]} 32. Nb5 {[%emt 0:00:13]} a6 {[%emt 0:00:00]} 33. Nd6+ {[%emt 0:00:20]} Ke6 {[%emt 0:00:00]} 34. Nc4 {[%emt 0:01:00]} b5 {[%emt 0:00:00]} 35. axb5 {[%emt 0:00:50]} axb5 {[%emt 0:00:00]} 36. Nd2 {[%emt 0:01:32]} Rb2 {[%emt 0:00:00]} 37. Nf3 {[%emt 0:00:15]} Kd5 {[%emt 0:00:00]} 38. Ng5 {[%emt 0:00:46]} b4 {[%emt 0:00:00]} 39. Nh3 {[%emt 0:00:15]} b3 {[%emt 0:00:00]} 40. Nf4+ {[%emt 0:00:15]} Kd6 {[%emt 0:00:00]} 41. Nh5 {[%emt 0:00:18]} g6 {[%emt 0:00:00]} 42. Nf6 {[%emt 0:00:23]} Rc2 {[%emt 0:00:00]} 43. Nxh7 {[%emt 0:00:23]} b2 {[%emt 0:00:00] Kd4 [%clk 0:00:00] Ke5+ [%clk 0:00:00]} 0-1

[Event "2nd El Ksiba Open 2019"]
[Site "El Ksiba"]
[Date "2019.04.08"]
[Round "1.6"]
[White "Maksimenko, Andrei"]
[Black "Tachfine, Anouar"]
[Result "1-0"]
[WhiteElo "2461"]
[BlackElo "1943"]
[Annotator "ChessBase"]
[PlyCount "53"]
[EventDate "2018.08.17"]
[EventType "swiss"]
[EventCountry "MAR"]
[SourceTitle "playchess.com"]
[Source "ChessBase"]
[SourceQuality "1"]
[TimeControl "5400+30"]

1. d4 {[%emt 0:00:00]} Nf6 {[%emt 0:00:00]} 2. c4 {[%emt 0:00:00]} e6 {[%emt 0:00:00]} 3. Nc3 {[%emt 0:00:00]} d5 {[%emt 0:00:00]} 4. cxd5 {[%emt 0:00:31]} exd5 {[%emt 0:00:10]} 5. Bg5 {[%emt 0:00:04]} Be7 {[%emt 0:00:51]} 6. e3 {[%emt 0:00:08]} Nbd7 {[%emt 0:01:46]} 7. Bd3 {[%emt 0:00:23]} c6 {[%emt 0:02:02]} 8. Qc2 {[%emt 0:00:32]} Nf8 {[%emt 0:01:26]} 9. Nge2 {[%emt 0:05:34]} Nh5 {[%emt 0:02:33]} 10. Bxe7 {[%emt 0:00:49]} Qxe7 {[%emt 0:00:08]} 11. h3 {[%emt 0:08:05]} Ng6 {[%emt 0:09:45]} 12. O-O-O {[%emt 0:04:22]} Bd7 {[%emt 0:06:31]} 13. Kb1 {[%emt 0:03:44]} Nf6 {[%emt 0:03:40]} 14. g4 {[%emt 0:10:11]} Nf8 {[%emt 0:20:34]} 15. Ng3 {[%emt 0:02:21]} g6 {[%emt 0:06:41]} 16. f3 {[%emt 0:17:15]} Qd6 {[%emt 0:02:31]} 17. Qf2 {[%emt 0:01:34]} O-O-O {[%emt 0:02:39]} 18. e4 {[%emt 0:00:42]} Qc7 {[%emt 0:02:20]} 19. e5 {[%emt 0:07:58]} Ng8 {[%emt 0:02:12]} 20. Rc1 {[%emt 0:03:22]} Qa5 {[%emt 0:04:25]} 21. f4 {[%emt 0:04:43]} Kb8 {[%emt 0:03:31]} 22. f5 {[%emt 0:01:04]} gxf5 {[%emt 0:02:09]} 23. gxf5 {[%emt 0:00:35]} Ne7 {[%emt 0:00:40]} 24. Nh5 {[%emt 0:01:01]} Bc8 {[%emt 0:02:06]} 25. Rhg1 {[%emt 0:01:34]} Nd7 {[%emt 0:00:50]} 26. Qh4 {[%emt 0:01:53]} Ng6 {[%emt 0:02:40]} 27. Qg3 {[%emt 0:01:06]} 1-0

[Event "2nd El Ksiba Open 2019"]
[Site "El Ksiba"]
[Date "2019.04.08"]
[Round "1.7"]
[White "Roudi, Adnan"]
[Black "Oussedik, Mahfoud"]
[Result "0-1"]
[WhiteElo "1941"]
[BlackElo "2440"]
[Annotator "TA"]
[PlyCount "68"]
[EventDate "2018.08.17"]
[EventType "swiss"]
[EventCountry "MAR"]
[SourceTitle "playchess.com"]
[Source "ChessBase"]
[SourceQuality "1"]

{[%evp 21,68,23,20,5,50,40,82,80,108,110,103,118,308,295,409,326,509,506,508,500,479,493,429,0,0,0,0,0,58,0,0,-70,-75,-68,-75,-121,-121,-121,-115,-130,-115,-250,-197,-197,-177,-352,-352,-331,-345]} 1. e4 c5 2. Nf3 e6 3. d4 cxd4 4. Nxd4 Nf6 5. Nc3 Bb4 6. Bd3 Nc6 7. Be3 d5 8. exd5 Nxd5 9. Nxc6 bxc6 10. Bd2 Nxc3 11. bxc3 Bd6 12. Qg4 {B45: Sicilian Four Knights} (12. Qf3 Qc7 13. Qh5 g6 14. Qf3 O-O 15. h4 f6 16. O-O Bd7 17. Bh6 Rf7 18. Rab1 Bh2+ 19. Kh1 Be5 {0-1 (60) Kugelmann,W (2119)-Melamed,T (2386) Bayerisch Eisenstein 2018}) 12... Qf6 13. O-O Qe5 {[%csl Gd6][%cal Re5h2]} 14. g3 $146 {White is better.} ({Predecessor:} 14. f4 Qc5+ 15. Kh1 O-O 16. f5 exf5 17. Bxf5 g6 18. Bxc8 Raxc8 19. Bh6 Rfe8 {0-1 (29) Dorzhieva,S-Dashiev,K (2127) Ulan Ude 2012}) 14... h5 15. Qf3 Bd7 16. Be4 {Hoping for Rfd1.} Qc5 $2 (16... Qf6 $16) 17. Be3 $18 Qa3 18. Rad1 Ke7 {[#]} (18... Rd8 {was necessary.} 19. Rd3 (19. Bxc6 O-O $16) 19... e5) 19. Rxd6 $1 {[%mdl 512]} Qxd6 20. Rd1 Qc7 21. Bc5+ Ke8 22. Rxd7 $2 (22. Qe3 $18 {Intending Qg5 and mate.} Kd8 23. Qg5+ {[%mdl 64] Double Attack} Kc8 24. Qxg7 {[%mdl 64] Double Attack}) 22... Kxd7 $11 23. Qxf7+ {[%mdl 64] Double Attack} Kd8 24. Qxe6 Re8 (24... Qd7 $1 $11 25. Qe5 Re8) 25. Qc4 ({But not} 25. Qxc6 $2 Qxc6 26. Bxc6 Re1+ 27. Kg2 Rc8 $19) ({White should try} 25. Qg6 $14 Rxe4 26. Qxe4) 25... Rb8 26. Qd4+ (26. Be3 $11 Rxe4 27. Qxe4) 26... Qd7 $15 27. Bxc6 {[%csl Gc6][%cal Rd4d7]} Qxd4 28. cxd4 {[#]} Re1+ $1 29. Kg2 a5 30. c4 Rb2 31. a4 (31. d5 $17) 31... Kc7 32. d5 Re4 33. Bb5 $2 {[#]} (33. Bf8) 33... Rxb5 $1 $19 {[%mdl 512]} 34. cxb5 (34. axb5 Rxc4) 34... Rxa4 {Accuracy: White = 49%, Black = 45%.} 0-1

[Event "2nd El Ksiba Open 2019"]
[Site "El Ksiba"]
[Date "2019.04.08"]
[Round "1.8"]
[White "Larino Nieto, David"]
[Black "Cherigui, Mourad"]
[Result "1-0"]
[WhiteElo "2434"]
[BlackElo "1935"]
[Annotator "ChessBase"]
[PlyCount "105"]
[EventDate "2018.08.17"]
[EventType "swiss"]
[EventCountry "MAR"]
[SourceTitle "playchess.com"]
[Source "ChessBase"]
[SourceQuality "1"]
[TimeControl "5400+30"]

1. Nf3 {[%emt 0:00:00]} Nf6 {[%emt 0:00:00]} 2. b3 {[%emt 0:00:00]} g6 {[%emt 0:00:16]} 3. Bb2 {[%emt 0:00:00]} Bg7 {[%emt 0:00:06]} 4. c4 {[%emt 0:00:00]} O-O {[%emt 0:00:05]} 5. g3 {[%emt 0:00:00]} b6 {[%emt 0:00:29]} 6. Bg2 {[%emt 0:00:00]} Bb7 {[%emt 0:00:03]} 7. O-O {[%emt 0:00:09]} c5 {[%emt 0:01:25]} 8. Nc3 {[%emt 0:00:46]} Nc6 {[%emt 0:01:30]} 9. Ne5 {[%emt 0:01:49]} Qb8 {[%emt 0:02:55]} 10. Nd5 {[%emt 0:08:46]} Nxd5 {[%emt 0:29:44]} 11. Nxd7 {[%emt 0:00:12]} Qd6 {[%emt 0:00:01]} 12. Bxg7 {[%emt 0:00:08]} Kxg7 {[%emt 0:00:01]} 13. cxd5 {[%emt 0:00:14]} Qxd7 {[%emt 0:00:01]} 14. dxc6 {[%emt 0:00:09]} Bxc6 {[%emt 0:00:07]} 15. Bxc6 {[%emt 0:00:03]} Qxc6 {[%emt 0:00:05]} 16. Qc2 {[%emt 0:00:04]} Qd5 {[%emt 0:06:38]} 17. d3 {[%emt 0:00:25]} Rad8 {[%emt 0:03:21]} 18. Qc4 {[%emt 0:00:16]} f5 {[%emt 0:00:30]} 19. Qxd5 {[%emt 0:03:12]} Rxd5 {[%emt 0:07:13]} 20. Rfc1 {[%emt 0:00:02]} Rfd8 {[%emt 0:00:27]} 21. a3 {[%emt 0:00:34]} a5 {[%emt 0:10:15]} 22. Rab1 {[%emt 0:02:42]} Ra8 {[%emt 0:04:58]} 23. Kf1 {[%emt 0:01:41]} Kf7 {[%emt 0:00:57]} 24. Ke1 {[%emt 0:00:08]} Ke6 {[%emt 0:02:55]} 25. Rc4 {[%emt 0:00:20]} b5 {[%emt 0:04:23]} 26. Rh4 {[%emt 0:00:17]} h5 {[%emt 0:00:28]} 27. a4 {[%emt 0:00:05]} Rb8 {[%emt 0:09:11]} 28. axb5 {[%emt 0:00:48]} Rxb5 {[%emt 0:00:02]} 29. Rc4 {[%emt 0:00:21]} Rd4 {[%emt 0:00:46]} 30. Ra1 {[%emt 0:00:07]} Kd6 {[%emt 0:04:27]} 31. Ra3 {[%emt 0:00:31]} Kc6 {[%emt 0:00:46]} 32. Kd2 {[%emt 0:01:11]} Kb6 {[%emt 0:02:56]} 33. Kc3 {[%emt 0:00:24]} e5 {[%emt 0:00:41]} 34. f4 {[%emt 0:03:31]} Rd6 {[%emt 0:06:14]} 35. Ra1 {[%emt 0:00:51]} Re6 {[%emt 0:02:04]} 36. e4 {[%emt 0:00:03]} Kc6 {[%emt 0:01:09]} 37. exf5 {[%emt 0:01:16]} gxf5 {[%emt 0:00:14]} 38. fxe5 {[%emt 0:01:20]} Kd5 {[%emt 0:00:42]} 39. Rca4 {[%emt 0:08:35]} Reb6 {[%emt 0:00:03]} 40. R1a3 {[%emt 0:00:04]} Ra6 {[%emt 0:00:10]} 41. e6 {[%emt 0:00:17]} Rxe6 {[%emt 0:00:39]} 42. Rxa5 {[%emt 0:00:05]} Rbb6 {[%emt 0:01:30]} 43. R3a4 {[%emt 0:00:29]} Re1 {[%emt 0:00:30]} 44. Rf4 {[%emt 0:00:47]} Rc1+ {[%emt 0:00:31]} 45. Kb2 {[%emt 0:00:37]} Re1 {[%emt 0:00:28]} 46. Rxf5+ {[%emt 0:00:33]} Kd4 {[%emt 0:00:29]} 47. Raxc5 {[%emt 0:00:21]} Re2+ {[%emt 0:00:32]} 48. Rc2 {[%emt 0:00:03]} Rxc2+ {[%emt 0:00:30]} 49. Kxc2 {[%emt 0:00:02]} Ra6 {[%emt 0:00:14]} 50. Rf4+ {[%emt 0:00:06]} Ke3 {[%emt 0:00:16]} 51. Kc3 {[%emt 0:00:31]} Ra2 {[%emt 0:00:35]} 52. Re4+ {[%emt 0:00:02]} Kf3 {[%emt 0:00:03]} 53. Rh4 {[%emt 0:00:08]} 1-0

[Event "2nd El Ksiba Open 2019"]
[Site "El Ksiba"]
[Date "2019.04.08"]
[Round "1.10"]
[White "Naumkin, Igor"]
[Black "ELHIJAZI AMINE"]
[Result "1-0"]
[WhiteElo "2383"]
[BlackElo "1920"]
[Annotator "ChessBase"]
[PlyCount "55"]
[EventDate "2018.08.17"]
[EventType "swiss"]
[EventCountry "MAR"]
[SourceTitle "playchess.com"]
[Source "ChessBase"]
[SourceQuality "1"]
[TimeControl "5400+30"]

1. d4 {[%emt 0:00:00]} Nf6 {[%emt 0:00:00]} 2. c4 {[%emt 0:00:00]} g6 {[%emt 0:00:00]} 3. Nc3 {[%emt 0:00:06]} Bg7 {[%emt 0:00:00]} 4. e4 {[%emt 0:00:07]} d6 {[%emt 0:00:00]} 5. Nf3 {[%emt 0:00:06]} O-O {[%emt 0:00:04]} 6. Be2 {[%emt 0:00:04]} Nc6 {[%emt 0:02:39]} 7. O-O {[%emt 0:00:35]} e5 {[%emt 0:00:03]} 8. d5 {[%emt 0:00:09]} Ne7 {[%emt 0:00:46]} 9. b4 {[%emt 0:00:09]} a5 {[%emt 0:01:46]} 10. bxa5 {[%emt 0:00:18]} Nd7 {[%emt 0:02:34]} 11. Nd2 {[%emt 0:03:17]} Rxa5 {[%emt 0:04:05]} 12. a4 {[%emt 0:01:52]} f5 {[%emt 0:12:12]} 13. Ba3 {[%emt 0:02:00]} Nf6 {[%emt 0:01:23]} 14. Bb4 {[%emt 0:01:12]} Ra8 {[%emt 0:00:31]} 15. c5 {[%emt 0:01:50]} Ne8 {[%emt 0:22:43]} 16. Nc4 {[%emt 0:04:37]} Rf6 {[%emt 0:02:26]} 17. Qb3 {[%emt 0:03:17]} fxe4 {[%emt 0:16:49]} 18. Nxe4 {[%emt 0:03:30]} Rf4 {[%emt 0:00:07]} 19. cxd6 {[%emt 0:02:35]} Nxd5 {[%emt 0:08:43]} 20. Ne3 {[%emt 0:05:36]} Be6 {[%emt 0:02:07]} 21. Bc4 {[%emt 0:07:17]} c6 {[%emt 0:03:27]} 22. Nxd5 {[%emt 0:01:24]} cxd5 {[%emt 0:05:09]} 23. Bxd5 {[%emt 0:00:17]} Bxd5 {[%emt 0:00:17]} 24. Qxd5+ {[%emt 0:00:10]} Kh8 {[%emt 0:00:01]} 25. Bc5 {[%emt 0:11:13]} Ra5 {[%emt 0:02:28]} 26. Qxb7 {[%emt 0:03:17]} Rxe4 {[%emt 0:02:03]} 27. d7 {[%emt 0:02:58]} Raxa4 {[%emt 0:07:46]} 28. Qc8 {[%emt 0:03:52]} 1-0

[Event "2nd El Ksiba Open 2019"]
[Site "El Ksiba"]
[Date "2019.04.09"]
[Round "2.1"]
[White "Bauer, Christian"]
[Black "Benaddi, Mouhcine"]
[Result "1-0"]
[WhiteElo "2639"]
[BlackElo "2111"]
[Annotator "ChessBase"]
[PlyCount "59"]
[EventDate "2018.08.17"]
[EventType "swiss"]
[EventCountry "MAR"]
[SourceTitle "playchess.com"]
[Source "ChessBase"]
[SourceQuality "1"]
[TimeControl "5400+30"]

1. d4 {[%emt 0:00:00]} c6 {[%emt 0:01:01]} 2. Bf4 {[%emt 0:02:39]} d5 {[%emt 0:04:56]} 3. e3 {[%emt 0:00:18]} Bf5 {[%emt 0:03:50]} 4. c4 {[%emt 0:00:51]} e6 {[%emt 0:01:07]} 5. Qb3 {[%emt 0:01:02]} Qb6 {[%emt 0:02:00]} 6. c5 {[%emt 0:01:18]} Qa5+ {[%emt 0:03:56]} 7. Nc3 {[%emt 0:00:36]} b5 {[%emt 0:01:07]} 8. Nf3 {[%emt 0:06:20]} Nd7 {[%emt 0:01:01]} 9. Be2 {[%emt 0:03:24]} Ngf6 {[%emt 0:00:59]} 10. a4 {[%emt 0:04:20]} Nh5 {[%emt 0:06:46]} 11. Nh4 {[%emt 0:13:35]} Nxf4 {[%emt 0:04:36]} 12. exf4 {[%emt 0:00:04]} b4 {[%emt 0:07:23]} 13. Nxd5 {[%emt 0:00:53]} cxd5 {[%emt 0:02:55]} 14. Nxf5 {[%emt 0:01:41]} exf5 {[%emt 0:04:48]} 15. Qxd5 {[%emt 0:00:26]} b3+ {[%emt 0:01:34]} 16. Kf1 {[%emt 0:01:56]} Rb8 {[%emt 0:07:49]} 17. Bc4 {[%emt 0:17:58]} Be7 {[%emt 0:05:06]} 18. Qxf7+ {[%emt 0:00:22]} Kd8 {[%emt 0:00:01]} 19. Re1 {[%emt 0:06:51]} Bf6 {[%emt 0:02:34]} 20. c6 {[%emt 0:00:47]} Qc7 {[%emt 0:04:22]} 21. Qd5 {[%emt 0:00:16]} Rb4 {[%emt 0:01:18]} 22. g3 {[%emt 0:16:28]} Re8 {[%emt 0:07:51]} 23. Rxe8+ {[%emt 0:02:47]} Kxe8 {[%emt 0:00:02]} 24. cxd7+ {[%emt 0:00:52]} Kd8 {[%emt 0:00:55]} 25. Bb5 {[%emt 0:02:48]} Rxd4 {[%emt 0:01:04]} 26. Qa8+ {[%emt 0:00:33]} Ke7 {[%emt 0:00:10]} 27. Kg2 {[%emt 0:00:36]} Rd2 {[%emt 0:04:20]} 28. Re1+ {[%emt 0:00:57]} Kd6 {[%emt 0:00:06]} 29. Qf8+ {[%emt 0:01:15]} Kd5 {[%emt 0:00:08]} 30. Re5+ {[%emt 0:13:07]} 1-0